000 00563nam a2200205Ia 4500
005 20250923144752.0
008 008 250917s9999 xx 000 0 eng d
037 _aTextual
040 _aDSWL
_beng
_cDSWL
041 _aeng
_2eng
084 _aY1:1.1, K0
_qDSWL
100 _aParmelee, Maurice
_9828229
245 0 _aHistory of modern culture
_cby Maurice Parmelee
260 _aLondon
_bPeterOwn Ltd.
_c1961
300 _a1295p.
365 _aINR
_b63
925 _g63
942 _cTEXL
_hY1:1.1, K0
999 _c1443118
_d1443118